Visiones y comentarios

Uloženo v:
Podrobná bibliografie
Hlavní autor: Unamuno, Miguel de (Autor)
Médium: Kniha
Jazyk:španělština
Vydáno: Madrid Espasa - Calpe 1957
Vydání:3a. ed
Edice:Colección Austral, 900
Témata:
Tagy: Přidat tag
Žádné tagy, Buďte první, kdo vytvoří štítek k tomuto záznamu!

MARC

LEADER 00000cam a2200000 a 4500
001 UCD4031
003 CL-VaPUC
008 160623e19570000sp |||||||||||||||||spa|d
082 0 4 |a 864  |b UNA  |2 21 
100 0 |a Unamuno, Miguel de  |e author  |9 312478 
245 1 0 |a Visiones y comentarios 
250 |a 3a. ed 
300 |a 157 p 
942 |c BK 
945 |d 20160623 20:48:00  |a arojas 
260 |a Madrid  |b Espasa - Calpe  |c 1957 
650 0 |a Ensayos españoles  |9 313128 
650 0 |a Literatura española  |9 306261 
583 |a last modification  |c 20160623 20:48:00  |k Rodrigo Vera 
490 0 |a Colección Austral, 900 
999 |c 365004  |d 365002 
952 |0 0  |1 0  |3 erb  |4 0  |6 864_000000000000000_UNA_1957  |7 0  |8 A  |9 478696  |a FDOHBE  |b FDOHBE  |e Huesbe Llanos, Marco Antonio, 1934-  |i 5310016  |o 864 UNA 1957  |p 5310016  |r 2024-01-30  |w 2019-11-24  |y BK  |z Catalogado en:20160623  |k HBE